| 000 | 01155cam a2200277 i 4500 | ||
|---|---|---|---|
| 003 | SA-RiAUC | ||
| 005 | 20250918072839.0 | ||
| 008 | 250817s1985 ku g c 00100 ara c | ||
| 040 |
_aSA-JeALM _bara _cSA-RiAUC _erda |
||
| 050 | 4 | _bK87 1985 | |
| 082 | 0 | 4 | _a011.31 |
| 090 |
_a011.31 _bك س ي |
||
| 100 | 1 |
_aكسيبي، نزيه _eمؤلف. |
|
| 245 | 1 | 0 |
_aفهرس المخطوطات العربية في مكتبة ستراسبورغ الوطنية والجامعية = _bCatalogue critique des manuscripts Arabes / _cنزيه كسيبي. |
| 246 | 3 | 1 | _aCatalogue critique des manuscripts Arabes |
| 250 | _aالطبعة الأولى. | ||
| 264 | 1 |
_aالصفاة، الكويت : _bمعهد المخطوطات العربية، _c1985 |
|
| 300 |
_a193 صفحة ؛ _c23 سم. |
||
| 336 |
_aنص _btxt _2rdacontent _3كتاب |
||
| 337 |
_aبدون وسيط _bn _2rdamedia |
||
| 338 |
_aمجلد _bnc _2rdacarrier |
||
| 440 | 0 | _aمنشورات معهد المخطوطات العربية. | |
| 650 | 7 |
_aالمخطوطات العربية _vببليوجرافيات _2aucsh |
|
| 942 |
_2ddc _cBOOK _n0 |
||
| 949 |
_aSA-JeALM _d250817 _uosman123 _n1 |
||
| 999 |
_c11907 _d11907 |
||